00423nam a2200145Ia 4500008004100000020001800041041000800059082001900067100001700086245009300103260004000196300000800236365001600244700001700260230718s9999 xx 000 0 und d a9781422167816 aeng a658.4'083bWIN aWinston A.S. aThe Big PivotbRadically Practical Strategies For A Hotter, Scarcer, And More Open World c2014bHarward Business Review Press a344 cRs.b995.00 aWinston A.S.